000 00317nam a2200133Ia 4500
008 150301s2015 xx 000 0 und d
082 _a615.7
_bP15A
100 _aANSEL, HOWARD C
245 _aPHARMACEUTICAL CALCULATIONS
260 _bWOLTER KLUMER
300 _a450
650 _aPHARMACEUTICS
942 _2ddc
_cBK
_01
999 _c7320
_d7320